00333 a2200097 4500001001000000005001700010008004100027245007000068100002400138773007300162ART_1749320260410161923.0260409a 10aStimulating the macro economy through state and local governments1 aGramlich, Edward M.0 tThe American Economic Reviewg- Vol. 69, NÂș 2 (mayo 1979)wREV16190